Arrondissements français connectés sur une carte #2 - Statistiques

Statistiques générales
  • Ce quiz a été pris 16 fois
  • Le résultat moyen est 19 sur 21
Réponses sur la Carte
Les réponses sont colorées sur une échelle allant du rouge au vert en fonction du pourcentage des utilisateurs qui les ont devinées à leur premier essai. Vous pouvez retrouver ces pourcentages ci-dessous.
 
Statistiques - réponses
Arrondissements % Correct
Amiens
100%
Charleville-Mézières
100%
Sedan
100%
Saint-Quentin
100%
Vervins
100%
Beauvais
93%
Chaumont
93%
Montargis
93%
Péronne
93%
Verdun
93%
Auxerre
86%
Commercy
86%
Mantes-la-Jolie
86%
Orléans
86%
Pontoise
86%
Rambouillet
86%
Avallon
79%
Chartres
79%
Châteaudun
79%
Montbard
79%
Neufchâteau
79%
Aucun quiz correspondant
Distribution des résultats
% des personnes avec chaque résultat
Percentile par nombre de réponses
Votre historique - résultats
Vous n’avez pas pris ce quiz